Statistics for Don't You Want Me Lyrics - The Human League

Click here to take the quiz!

General Stats

  • This quiz has been taken 247 times
  • The average score is 261 of 303

Answer Stats

Answer% Correct
do
100%
Don't
100%
Don't,
100%
don't
100%
I
100%
me,
100%
me?
100%
me
100%
want
100%
you
100%
You
100%
a
99%
as
97%
baby?
97%
we
97%
bar
96%
in
96%
were
96%
when
96%
cocktail
94%
waitress
94%
working
94%
be
92%
met
92%
That
92%
that
92%
is
91%
much
89%
to
89%
was
89%
oh?
88%
so
88%
the
88%
The
88%
true
88%
love
86%
it
85%
say
85%
your
85%
and
84%
And
84%
can
83%
know
83%
too
83%
believe
81%
need
81%
or
81%
see
80%
better
79%
on
79%
won't
79%
can't
78%
But
77%
up
76%
then
75%
with
75%
back
74%
hear
74%
Now
74%
now
74%
still
74%
will
74%
It's
73%
it's
73%
out,
73%
at
72%
both
72%
find
72%
sorry
72%
time
72%
without
72%
around
71%
change
71%
for
71%
knew
71%
my
71%
think
71%
Turned
71%
turned
71%
are
70%
where
70%
even
69%
had
69%
have
69%
into
69%
mind
69%
new
69%
been
68%
down
67%
I'd
67%
life
67%
place
67%
someone
67%
got
66%
late
66%
who
66%
good
65%
own
65%
picked
65%
you've
65%
times
64%
what
64%
years
63%
five
62%
has
62%
put
62%
must
61%
such
61%
You'd
61%
changed
60%
Either
60%
feet
60%
just
60%
later
60%
world
60%
easy
59%
forget,
58%
Success
58%
live
57%
guess
53%
shook
52%

Score Distribution

Percentile by Number Answered

Percent of People with Each Score

Your Score History

You have not taken this quiz